000 00680nam a22001577a 4500
003 OSt
005 20150918141055.0
008 150918b xxu||||| |||| 00| 0 eng d
040 _cRUA
082 _aAGR SOP 2006 BO33 Or.1
100 _9763
_bSOPHAN, KAMHCHNA
245 _aComparative study of two rice cultivation methode in chhouk district, kampot province, (សិក្សាប្រៀបធៀបវីធីសាស្រ្តពីយ៉ាងក្នុងការដាំដុះដំណាំស្រូវ នៅស្រុកឈូក ខេត្តកំពត).
260 _aphnom phen
_bRUA
_c2006
300 _aXIII,48p.
_bill.
_c29cm.
942 _2ddc
_cAGR
999 _c731
_d731